Political Parties in Europe (All Democratic Nations) - Statistics

General Stats
  • This quiz has been taken 16 times
  • The average score is 8 of 460
Answer Stats
Hint Answer % Correct
Germany Alliance 90/The Greens
53%
United Kingdom Reform UK
40%
Germany Alternative for Germany
33%
United Kingdom Conservative Party of the United Kingdom
33%
Germany Die Linke
33%
Ireland | United Kingdom Sinn Fein
27%
Spain Vox
27%
France National Rally
20%
Spain Spanish Socialist Workers' Party
20%
Spain United Left
20%
Portugal Chega!
13%
Germany Christian Democratic Union of Germany
13%
Austria Freedom Party of Austria
13%
Poland Law and Justice
13%
United Kingdom Plaid Cymru
13%
Spain Podemos
13%
Spain Republican Left of CATALONIA
13%
United Kingdom Scottish National Party
13%
Germany Social Democratic Party of Germany
13%
Portugal Socialist Party of Portugal
13%
Spain Sumar
13%
Greece Syriza
13%
Switzerland The Centre
13%
Belgium Vlaams Belang
13%
Netherlands Volt Netherlands
13%
Austria Austrian People's Party
7%
Italy Brothers of Italy
7%
Netherlands Christian Democratic Appeal
7%
Poland Civic Platform
7%
Bosnia and Herzegovina Democratic Union
7%
United Kingdom Democratic Unionist Party
7%
Netherlands Democrats 66
7%
Spain Euskal Herria Bildu
7%
Netherlands Farmer-Citizen Movement
7%
Ireland Fianna Fail
7%
Finland Finns' Party
7%
Germany Free Democratic Party of Germany
7%
Spain Galician Nationalist Bloc
7%
Belgium Groen
7%
Netherlands GroenLinks
7%
United Kingdom Labour Party of the United Kingodm
7%
France La France Insoumise
7%
Italy Lega Nord
7%
United Kingdom Liberal Democrats UK
7%
Denmark Moderates
7%
Greece New Democracy
7%
Poland New Hope
7%
Greece New Left
7%
Spain People's Party of Spain
7%
Poland Poland 2050
7%
Poland Polish People's Party
7%
France Renaissance
7%
Bulgaria Revival
7%
United Kingdom Social Democratic and Labour Party
7%
Austria Social Democratic Party of Austria
7%
Portugal Social Democratic Party of Portugal
7%
Switzerland Social Democratic Party of Switzerland
7%
France Socialist Party of France
7%
Montenegro Socialist People's Party
7%
Romania SOS Romania
7%
Greece Spartans
7%
Sweden Sweden Democrats
7%
Switzerland Swiss People's Party
7%
United Kingdom Ulster Unionist Party
7%
Ireland 100% Redress
0%
Poland Agrounia
0%
France A Here Ia Porinetia
0%
Macedonia Alliance for Albanians
0%
Bulgaria Alliance for Rights and Freedoms
0%
Kosovo Alliance for the Future of Kosovo
0%
Romania Alliance for the Union of Romanians
0%
Bosnia and Herzegovina Alliance of Independent Social Democrats
0%
Serbia Alliance of Vojvodina Hungarians
0%
United Kingdom Alliance Party of Northern Ireland
0%
Ukraine All Ukrainian Union "Batkivschchyna"
0%
Ukraine All Ukrainian Union "Svoboda"
0%
Denmark Alternative- Denmark
0%
Luxembourg Alternative for Democratic Reform
0%
Kosovo Alternative- Kosovo
0%
Macedonia Alternative- North Macedonia
0%
Andorra Andorra Endevant
0%
Czechia Ano 2011
0%
Ireland Aontu
0%
France Archipelago Tomorrow
0%
Italy Associative Movement of Italians Abroad
0%
Italy Azione
0%
Spain Basque National Party
0%
France Bonapartist Central Committee
0%
Montenegro Bosniak Party of Montenegro
0%
Bosnia and Herzegovina Bosnian Herzegovinian Initiative
0%
Bulgaria Bulgarian Socialist Party
0%
France Caledonian Union
0%
Spain Canarian Coalition
0%
Spain Catalonia in Common
0%
Poland Centre for Poland
0%
Estonia Centre Party of Estonia
0%
Finland Centre Party of Finland
0%
Iceland Centre Party of Iceland
0%
Norway Centre Party of Norway
0%
Sweden Centre Party of Sweden
0%
France Centrist Alliance
0%
Italy Christian Democracy with Rotondi
0%
Belgium Christian, Democratic, and Flemish
0%
Slovakia Christian Democratic Movement
0%
Norway Christian Democratic Party of Norway
0%
Czechia Christian Democratic Union-Czechoslovak People's Party
0%
Finland Christian Democrats- Finland
0%
Sweden Christian Democrats- Sweden
0%
Luxembourg Christian Social People's Party
0%
Germany Christian Social Union in Bavaria
0%
Netherlands Christian Union
0%
Slovakia Christian Union- Slovakia
0%
Spain Chunta Aragonista
0%
Andorra Citizens' Coalition
0%
Bulgaria Citizens for the European Development of Bulgaria
0%
Denmark Citizens' Party
0%
Czechia Civic Democratic Party
0%
Croatia Civic Liberal Alliance
0%
Montenegro Civis
0%
Greece Communist Party of Greece
0%
Spain Compromise Coalition
0%
Andorra Concordia
0%
Poland Confederation of the Polish Crown
0%
Norway Conservative Party of Norway
0%
Denmark Conservative People's Party
0%
Estonia Conservative People's Party of Estonia
0%
Italy Coraggio Italia
0%
Greece Course of Freedom
0%
Montenegro Croatian Civic Initiative
0%
Croatia Croatian Democratic Union
0%
Bosnia and Herzegovina Croatian Democratic Union of Bosnia and Herzegovina
0%
Croatia Croatian Peasant Party
0%
Croatia Croatian People's Party- Liberal Democrats
0%
Croatia Croatian Social Liberal Party
0%
Croatia Croatian Sovereignists
0%
Czechia Czech Pirate Party
0%
Croatia Dalija Oreskovic and People with a First and Last Name
0%
Denmark Danish People's Party
0%
Denmark Danish Social Liberal Party
0%
Lithuania Dawn of Nemunas
0%
France Decolonization and Social Emancipation Movement
0%
Cyprus Democratic Alignment of Cyprus
0%
Italy Democratic Centre
0%
Hungary Democratic Coalition
0%
Belgium Democratic, Federalist, and Independent
0%
Montenegro Democratic League of Albanians
0%
Kosovo Democratic League of Kosovo
0%
Montenegro Democratic Montenegro
0%
France Democratic Movement
0%
Albania Democratic Party of Albania
0%
Macedonia Democratic Party of Albanians
0%
Cyprus Democratic Party of Cyprus
0%
Italy Democratic Party of Italy
0%
Kosovo Democratic Party of Kosovo
0%
Luxembourg Democratic Party of Luxembourg
0%
Serbia Democratic Party of Serbia
0%
Macedonia Democratic Party of Serbs in Macedonia
0%
Montenegro Democratic Party of Socialists
0%
Macedonia Democratic Party of Turks
0%
Greece Democratic Patriotic Movement-Victory
0%
Montenegro Democratic People's Party
0%
Macedonia Democratic Union for Integration
0%
Montenegro Democratic Union of Albanians
0%
Romania Democratic Union of Hungarians in Romania
0%
Andorra Democrats for Andorra
0%
Liechtenstein Democrats for Liechtenstein
0%
Netherlands DENK
0%
Denmark Denmark Democrats
0%
Hungary Dialogue- The Greens' Party
0%
San Marino Domani- Motus Liberi
0%
Ukraine Dovira
0%
Belgium Ecolo
0%
France Ecological Revolution of the Living
0%
Serbia Ecological Uprising
0%
Cyprus EDEK Socialist Party
0%
Lithuania Electoral Action of Poles in Lithuania
0%
France En Commun
0%
Albania Environmentalist Agrarian Party
0%
Estonia Estonia 200
0%
Estonia Estonian Naitonalists and Conservaitves
0%
Estonia Estonian Reform Party
0%
Ukraine European Solidarity
0%
Montenegro Europe Now Movement
0%
France Euskal Herria Bai
0%
Switzerland Evangelical People's Party
0%
Switzerland FDP- The Liberals
0%
Switzerland Federal Democratic Union of Switzerland
0%
France Femu a Corsica
0%
Hungary Fidesz-Christian Democratic People's Party
0%
Ireland Fine Gael
0%
Italy Five Star Movement
0%
Bosnia and Herzegovina For Justice and Order
0%
Latvia For Stability
0%
Ukraine For the People
0%
Slovakia For the People- Slovakia
0%
Netherlands Forum for Democracy
0%
Bosnia and Herzegovina Forward, Bosnia and Herzegovina
0%
Italy Forza Italia
0%
Czechia Freedom and Direct Democracy
0%
Lithuania Freedom and Justice
0%
Slovakia Freedom and Solidarity
0%
Slovenia Freedom Movement
0%
Albania Freedom Party of Albania
0%
Liechtenstein Free List
0%
France French Communist Party
0%
San Marino Future Republic
0%
France Generation Ecology
0%
France Generation.s
0%
France Generations New Caledonia
0%
Switzerland Geneva Citizens Movement
0%
Greece Greek Solution
0%
Italy Green Europe
0%
Finland Green League
0%
Denmark Green Left
0%
Serbia Green-Left Front
0%
Switzerland Green Liberal Party of Switzerland
0%
United Kingdom Green Party of England and Wales
0%
Ireland Green Party of Ireland
0%
Norway Green Party of Norway
0%
Sweden Green Party of Sweden
0%
Switzerland Green Party of Switzerland
0%
Serbia Greens of Serbia
0%
Poland Greens- Poland
0%
Kosovo Guxo!
0%
Serbia Healthy Serbia
0%
Slovakia Hlas- Social Democracy
0%
Ukraine Holos
0%
Croatia Home and National Rally
0%
Croatia Homeland Movement
0%
Lithuania Homeland Union- Lithuanian Christian Democrats
0%
Latvia Honor to Serve Riga
0%
Monaco Horizon Monaco
0%
France Horizons
0%
Hungary Hungarian Socialist Party
0%
Iceland Independence Party of Iceland
0%
United Kingdom Independent Alliance
0%
Ireland Independent Ireland
0%
Croatia Independent Platform of the North
0%
Croatia Independent Serb Democratic Party
0%
Macedonia Internal Macedonian Revolutionary Organization
0%
Estonia Isamaa
0%
Croatia Istrian Democratic Assembly
0%
Italy Italian Left
0%
Italy Italia Viva
0%
Italy Italy in the Centre
0%
Hungary Jobbik-Movement for a Better Hunagary
0%
Netherlands Juiste Antwoord 21
0%
Poland Kukiz 15
0%
Ireland Labour Party of Ireland
0%
Malta Labour Party of Malta
0%
Norway Labour Party of Norway
0%
Netherlands Labour Party of the Netherlands
0%
France La Convention
0%
France L'Apres
0%
Latvia Latvia First Party
0%
Finland Left Alliance
0%
Portugal Left Bloc
0%
Sweden Left Party of Sweden
0%
Albania Legality Movement
0%
France Le Progres
0%
France Les Centristes
0%
France Les Ecologistes
0%
Belgium Les Engages
0%
Denmark Liberal Alliance
0%
Macedonia Liberal Democratic Party of Macedonia
0%
Portugal Liberal Initiative
0%
Norway Liberal Party of Norway
0%
Iceland Liberal Reform Party
0%
Lithuania Liberals' Movement
0%
San Marino Libera San Marino
0%
Lithuania Lithuanian Farmers' and Greens' Union
0%
Lithuania Lithuanian Social Democratic Party
0%
Portugal Livre
0%
Hungary LMP- Hungary's Green Party
0%
Luxembourg Luxembourg Socialist Workers' Party
0%
Czechia Mayors and Independents
0%
Sweden Moderate Party of Sweden
0%
Hungary Momentum Movement
0%
Bulgaria Morale, Unity, Honor
0%
Italy More Europe
0%
Spain More for Madrid
0%
Spain More for Mallorca
0%
Albania Movement for National Development
0%
Bulgaria Movement for Rights and Freedoms- New Beginning
0%
Serbia Movement for the Restoration of the Kingdom of Serbia
0%
Finland Movement Now
0%
Cyprus Movement of Ecologists- Citizens' Cooperation
0%
Serbia Movement of Free Citizens
0%
Serbia Movement of Socialists
0%
Croatia Mozemo!
0%
Lithuania National Aliance-Lithuania
0%
Latvia National Alliance-Latvia
0%
Moldova National Alternative Movement
0%
Slovakia National Coalition/Independent Candidates
0%
Finland National Coalition Party
0%
Malta Nationalist Party of Malta
0%
Romania National Liberal Party of Romania
0%
Poland National Movement
0%
Cyprus National People's Front
0%
Spain Navarrese People's Union
0%
Austria New Austria and Liberal Forum
0%
Montenegro New Democratic Force
0%
Serbia New Democratic Party of Serbia
0%
Bosnia and Herzegovina New European Union of Bosnia and Herzegovina
0%
Serbia New Face of Serbia
0%
Belgium New Flanders Alliance
0%
Monaco New Ideas for Monaco
0%
Slovakia New Majority
0%
Serbia New Party- Experts Should Have A Say
0%
Montenegro New Serb Democracy
0%
Slovenia New Slovenia- Christian Democrats
0%
Netherlands New Social Contract
0%
Macedonia New Social Democratic Party
0%
Latvia New Unity
0%
Poland Nowa Lewica
0%
Poland .Nowoczesna
0%
Belgium Open Flemish Liberals and Democrats
0%
Albania Opportunity Party of Albania
0%
Hungary Our Homeland Movement
0%
Bosnia and Herzegovina Our Party
0%
Greece Pan Hellenic Socialist Movement
0%
Netherlands Party for Freedom
0%
Albania Party for Justice, Integration and Unity
0%
Netherlands Party for the Animals
0%
Moldova Party of Action and Solidarity
0%
Moldova Party of Communists of the Republic of Moldova
0%
Bosnia and Herzegovina Party of Democratic Action
0%
Serbia Party of Democratic Action of Sandzak
0%
Bosnia and Herzegovina Party of Democratic Progress
0%
Serbia Party of Freedom and Justice
0%
San Marino Party of Socialists and Democrats of San Marino
0%
Moldova Party of Socialists of the Republic of Moldovai
0%
France Party of the Corsican Nation
0%
Serbia Party of United Pensioners, Farmers, and Proletarians of Serbia
0%
Romania Party of Young People
0%
Norway PatientFocus
0%
Liechtenstein Patriotic Union
0%
Bosnia and Herzegovina People and Justice
0%
Portugal People-Animals-Nature
0%
Ireland People Before Profit-Solidarity
0%
Serbia People's Movement of Serbia
0%
Netherlands People's Party for Freedom and Democracy
0%
Iceland People's Party of Iceland
0%
Serbia People's Peasant Party
0%
France Peyi-A
0%
France Picardie Debout!
0%
Luxembourg Pirate Party of Luxembourg
0%
France Place Publique
0%
Ukraine Platform for Life and Peace
0%
Poland Polish Initiative
0%
Portugal Portuguese Communist Party
0%
France Pour La Reunion
0%
Monaco Priorite Monaco
0%
Liechtenstein Progressive Citizens' Party
0%
France Progressive Democratic Party of Guadeloupe
0%
Iceland Progressive Party of Iceland
0%
Italy Progressive Party of Sardinia
0%
Cyprus Progressive Party of Working People
0%
Slovakia Progressive Slovakia
0%
Norway Progress Party of Norway
0%
France Radical Party of France
0%
Poland Razem
0%
Denmark Red-Green Alliance
0%
Norway Red Party
0%
Netherlands Reformed Political Party
0%
Belgium Reformist Movement
0%
Poland Renewal of the Republic of Poland
0%
France Republican and Socialist Left
0%
Albania Republican Party of Albania
0%
Ukraine Restoration of Ukraine
0%
San Marino RETE Movement
0%
Moldova Revival Party
0%
France Rezistans Egalite 974
0%
Serbia Russian Party of Serbia
0%
Germany Sahra Wagenknecht Alliance
0%
France Saint Martinois Rally
0%
San Marino Sanmarinese Christian Democratic Party
0%
Kosovo Self-Determination Movement
0%
Bosnia and Herzegovina Serb Democratic Party
0%
Serbia Serbia Centre
0%
Serbia Serbian People's Party
0%
Serbia Serbian Progressive Party
0%
Serbia Serbian Renewal Movement
0%
Kosovo Serb List
0%
Ukraine Servant of the People
0%
Slovakia Slovakia Party
0%
Slovakia Slovak National Party
0%
Slovenia Slovenian Democratic Party
0%
Slovakia Smer- Social Democracy
0%
Iceland Social Democratic Alliance
0%
Albania Social Democratic Party of Albania
0%
Andorra Social Democratic Party of Andorra
0%
Bosnia and Herzegovina Social Democratic Party of Bosnia and Herzegovina
0%
Croatia Social Democratic Party of Croatia
0%
Estonia Social Democratic Party of Estonia
0%
Finland Social Democratic Party of Finland
0%
Romania Social Democratic Party of Romania
0%
Serbia Social Democratic Party of Serbia
0%
Macedonia Social Democratic Union of Macedonia
0%
Denmark Social Democrats- Denmark
0%
Ireland Social Democrats- Ireland
0%
Montenegro Social Democrats of Croatia
0%
Slovenia Social Democrats- Slovenia
0%
Norway Socialist Left Party
0%
Albania Socialist Party of Albania
0%
Belgium Socialist Party of Belgium
0%
Macedonia Socialist Party of Macedonia
0%
San Marino Socialist Party of San Marino
0%
Serbia Socialist Party of Serbia
0%
Netherlands Socialist Party of the Netherlands
0%
Italy Solidarity Democracy
0%
Moldova Sor Party
0%
Italy South Calls North
0%
Germany South Schleswig Voters' Association
0%
Italy South Tyrolean People's Party
0%
Finland Swedish People's Party of Finland
0%
Sweden Swedish Social Democratic Party
0%
France Tapura Huira'atira
0%
France Tavini Huira'atira
0%
France Territories 44
0%
Croatia The Bridge
0%
Croatia The Centre- Croatia
0%
Slovenia The Democrats- Slovenia
0%
Luxembourg The Greens- Luxembourg
0%
Austria The Greens- The Green Alternative
0%
Luxembourg The Left- Luxembourg
0%
Macedonia The Left- Macedonia
0%
Slovenia The Left- Slovenia
0%
Sweden The Liberals- Sweden
0%
Latvia The Progressives
0%
Switzerland Ticino League
0%
Spain Together for Catalonia
0%
United Kingdom Traditionalist Unionist Voice
0%
Czechia Tradition Responsibility Prosperity 09
0%
Monaco Union Monegasque
0%
France Union of Democrats and Independents
0%
Lithuania Union of Democrats for Lithuania
0%
Latvia Union of Greens and Farmers
0%
France Union of the Right for the Republic
0%
Romania Union to Save Romania
0%
Latvia United List
0%
Montenegro United Montenegro
0%
Montenegro United Reform Action
0%
Serbia United Serbia
0%
Bosnia and Herzegovina United Srpska
0%
Serbia United Trade Unions of Serbia
0%
Albania Unity for Human Rights Party
0%
Italy Us with Italy
0%
Italy Valdostan Union
0%
Denmark Venstre
0%
Cyprus Volt Cyprus
0%
Belgium Vooruit
0%
Bulgaria We Continue the Change- Democratic Bulgaria
0%
Serbia We- Strength of the People
0%
Serbia We- Voice of the People
0%
Belgium Workers' Party of Belgium
0%
Poland Yes! For Poland
0%
No matching quizzes found
Score Distribution
Percent of People with Each Score
Percentile by Number Answered
Your Score History
You have not taken this quiz